000 00365pab a2200157 454500
008 180718b2011 xxu||||| |||| 00| 0 eng d
100 _aBora, Abhijit
245 _aHigher education: A few stray thoughts
260 _c2011
300 _ap.5-10.
362 _a14 Nov
650 _aHigher education
773 _aUniversity News
908 _aN
909 _a93563
999 _c93563
_d93563